000 00734nam a22002055i 4500
001 169538
003 ES-MaACL
005 20250903020535.0
008 081009s1977 sp |||| | spa d
080 _a51(076)
245 0 0 _a1000 problemas de aritmética, algebra, geometria y trigonometría /
_cN. Antonov [et al.] ; [traducido del ruso por Emilio Romero Ros] ; revisión... Rafael Portaencasa Baeza.
260 _aMadrid :
_bParaninfo,
_c1977.
300 _a450 p. :
_bil. ;
_c22 cm.
650 1 4 _aMatemáticas-
_vProblemas
_914830
700 1 _aAntonov, N.
_9138673
700 1 _aRomero Ros, Emilio.
_999436
700 0 _aPortaencasa Baeza, Rafael.
_993186
852 _aES-MaACL
_jA-6520
_9R.95340
999 _c169538
_d169538